000
00340nam a22001457a 4500
008
230123b ||||| |||| 00| 0 eng d
020
_a
0802822479
041
_a
eng
080
_2
VOLUME 5
_a
34
082
_a
34KIT
100
_a
30
101
_a
JURE
245
_a
THEOLOGICAL DICTIONARY OF THE NEW TESTAMENT
_c
KITTEL G
942
_2
udc
_c
BK
999
_c
59242
_d
59242